Generation 6 Pokemon - Statistics

General Stats
  • This quiz has been taken 1,588 times
  • The average score is 55 of 69
Answer Stats
Number Region Answer % Correct
658 Greninja
98%
650 Central Chespin
97%
656 Froakie
97%
652 Chesnaught
95%
655 Delphox
95%
653 Fennekin
95%
657 Frogadier
95%
654 Braixen
94%
716 Xerneas
93%
717 Yveltal
93%
718 Zygarde
92%
651 Quilladin
91%
663 Talonflame
91%
661 Fletchling
90%
662 Fletchinder
88%
706 Goodra
87%
659 Bunnelby
85%
660 Diggersby
85%
704 Mountain Goomy
85%
700 Sylveon
84%
705 Sliggoo
83%
697 Tyrantrum
82%
666 Vivillon
82%
696 Tyrunt
81%
680 Doublade
80%
673 Gogoat
80%
715 Noivern
80%
664 Scatterbug
80%
681 Aegislash
79%
669 Flabebe
79%
671 Florges
79%
701 Hawlucha
79%
714 Noibat
79%
699 Aurorus
78%
670 Floette
78%
679 Honedge
78%
665 Spewpa
78%
695 Heliolisk
77%
694 Helioptile
77%
668 Pyroar
77%
698 Amaura
76%
691 Dragalge
76%
667 Litleo
76%
672 Skiddo
76%
683 Aromatisse
75%
707 Klefki
75%
713 Avalugg
74%
693 Clawitzer
74%
702 Dedenne
74%
710 Pumpkaboo
74%
690 Skrelp
74%
685 Slurpuff
74%
712 Bergmite
73%
711 Gourgeist
73%
692 Clauncher
72%
678 Meowstic
72%
682 Spritzee
72%
684 Swirlix
72%
709 Trevenant
72%
677 Espurr
71%
674 Pancham
71%
675 Pangoro
71%
676 Furfrou
70%
708 Phantump
70%
689 Barbaracle
65%
688 Binacle
64%
703 Carbink
64%
686 Coastal Inkay
64%
687 Malamar
64%
No matching quizzes found
Score Distribution
Percent of People with Each Score
Percentile by Number Answered
Your Score History
You have not taken this quiz